« Retourner aux résultats de recherche
Bill se tient à Caro
| Auteur principal: | Christophe Cazenove Auteur du texte |
|---|---|
| D'autres auteurs: | Jean Bastide dessinateur de BD |
| D'autres auteurs: | Roba |
| Support: | Livres |
| Langue: | Francais |
| Publié: |
DL 2020 Dargaud Neuilly |
| Series: |
Album de Boule & Bill. |
| Genre: |
Bande Dessinée enfant ado |
| Collection: |
Album de Boule & Bill |
| Sujets: | |
| Étiquettes: |
Ajouter
Pas de Tags !
|
| LEADER | 00880nam0a2200229 450 | ||
|---|---|---|---|
| 001 | 16835506 | ||
| 010 | |a 978-2505-08484-6 |b rel. |d 10,95 | ||
| 100 | |a 20201109d2026 u u0frey01 ba | ||
| 101 | 0 | |a fre | |
| 102 | |a FR | ||
| 200 | 0 | |a Bill se tient à Caro |f par Cazenove & Bastide |g d'après Roba - couleur, Luc Perdriset et Jean Bastide | |
| 207 | 1 | |a | |
| 210 | |a Neuilly |b 12 Rue Blaise Pascal. |c Dargaud |d DL 2020 | ||
| 215 | |a 1 vol. (46 p.) |c ill. en coul. |d 30 cm | ||
| 225 | 1 | |a Album de Boule & Bill |v 41 | |
| 461 | 0 | |t Album de Boule & Bill. |v 41 | |
| 700 | 0 | |a Cazenove |b Christophe |c Auteur du texte |f 1969-.... |4 70 | |
| 701 | 0 | |a Bastide |b Jean |c dessinateur de BD |f 1982-.... |4 70 | |
| 702 | 0 | |a Roba |f 1930-2006 |4 100 | |
| 900 | |a Bande Dessinée enfant ado | ||
| 901 | |a Accessible au prêt | ||
| 995 | |a Bibliothèque |c Bibliothèque |f 024021034 |h 024021034 |k BD ROB |o p |q j |r az |e Bibliothèque | ||
